[Event "St Petersburg Korchnoi Memorial op"]
[Site "St Petersburg"]
[Date "2023.08.23"]
[Round "8"]
[White "Khrestin, Timofey"]
[Black "Voloshkin, Daniil"]
[Result "0-1"]
[WhiteElo "1373"]
[BlackElo "2104"]
[PlyCount "96"]
[EventDate "2023.08.18"]
[EventType "swiss"]
[EventRounds "9"]
[EventCountry "RUS"]
[SourceTitle "CBM 216 Extra"]
[Source "ChessBase"]
[SourceDate "2023.11.30"]
[SourceVersion "1"]
[SourceVersionDate "2023.11.30"]
[SourceQuality "1"]

1. e4 c6 2. d4 d5 3. e5 c5 4. dxc5 Nc6 5. f4 Nh6 6. Be3 Bg4 7. Nf3 e6 8. c3 Nf5 9. Bf2 g5 10. fxg5 Bxf3 11. Qxf3 Qxg5 12. Nd2 Bh6 13. 0-0-0 Nxe5 14. Bb5+ Ke7 15. Qe2 Ng4 16. Kb1 Nxf2 17. Qxf2 Qe3 18. Qf3 Qxf3 19. Nxf3 Ne3 20. Rd2 Rac8 21. Re2 Rxc5 22. Bd3 Nc4 23. Nd4 Nd6 24. Rhe1 Kd7 25. Rf1 a6 26. Rf3 Bg7 27. Nb3 Rcc8 28. Rg3 Rcg8 29. Bc2 b6 30. Bd3 a5 31. Nd2 Bh6 32. Rxg8 Rxg8 33. Nf3 Rg7 34. a4 Ke7 35. b4 axb4 36. cxb4 Rg4 37. Rb2 Bg7 38. Rb3 Nc4 39. g3 f5 40. Bxc4 dxc4 41. Ra3 c3 42. Rb3 Re4 43. a5 bxa5 44. bxa5 Ra4 45. Ng5 Ra1+ 46. Kc2 Ra2+ 47. Kd3 Rd2+ 48. Ke3 Bd4+ 0-1

[Event "St Petersburg Korchnoi Memorial op"]
[Site "St Petersburg"]
[Date "2023.08.21"]
[Round "5"]
[White "Rubtsov, Aleksandr1"]
[Black "Khrestin, Timofey"]
[Result "1-0"]
[WhiteElo "1789"]
[BlackElo "1373"]
[PlyCount "141"]
[EventDate "2023.08.18"]
[EventType "swiss"]
[EventRounds "9"]
[EventCountry "RUS"]
[SourceTitle "CBM 216 Extra"]
[Source "ChessBase"]
[SourceDate "2023.11.30"]
[SourceVersion "1"]
[SourceVersionDate "2023.11.30"]
[SourceQuality "1"]

1. e4 c5 2. Nf3 Nc6 3. Bb5 g6 4. 0-0 Bg7 5. Re1 e5 6. d3 Qe7 7. Nc3 Nf6 8. Bg5 0-0 9. Qd2 a6 10. Nd5 Qd6 11. Bxc6 bxc6 12. Nb6 Rb8 13. Nc4 Qc7 14. Ncxe5 Nh5 15. Nc4 f6 16. Bh6 d5 17. Bxg7 Kxg7 18. Ne3 Rd8 19. exd5 cxd5 20. b3 d4 21. Nf1 Bb7 22. Nh4 Nf4 23. Ng3 Re8 24. Rxe8 Rxe8 25. Re1 Re5 26. Rxe5 Qxe5 27. f3 Nd5 28. Ne4 Ne3 29. g3 f5 30. Ng5 h6 31. Nh3 g5 32. Ng2 g4 33. Nhf4 gxf3 34. Nh4 Ng4 35. h3 Nf6 36. Kf2 Ne4+ 37. dxe4 fxe4 38. Kf1 e3 39. Qd3 e2+ 40. Nxe2 fxe2+ 41. Qxe2 Qf6+ 42. Ke1 Bc8 43. Ng2 Qg5 44. g4 Bb7 45. Kf2 a5 46. Kg3 Qf6 47. Nf4 Qd6 48. Qe6 Qc6 49. Qxc6 Bxc6 50. Ne6+ Kf6 51. Nxc5 Ke5 52. h4 Kd5 53. Nd3 Ke4 54. Kf2 Bb5 55. Ke2 a4 56. bxa4 Ba6 57. Kd2 Bc8 58. g5 hxg5 59. hxg5 Bf5 60. c4 dxc3+ 61. Kxc3 Kd5 62. a5 Kc6 63. g6 Be6 64. a4 Bg8 65. Kd4 Kb7 66. Kc5 Ka6 67. Kb4 Bd5 68. Nc5+ Ka7 69. g7 Bf7 70. Ne4 Ka6 71. Nf6 1-0

[Event "St Petersburg Korchnoi Memorial op"]
[Site "St Petersburg"]
[Date "2023.08.19"]
[Round "3"]
[White "Balyan, Artur"]
[Black "Khrestin, Timofey"]
[Result "1/2-1/2"]
[WhiteElo "1704"]
[BlackElo "1373"]
[PlyCount "46"]
[EventDate "2023.08.18"]
[EventType "swiss"]
[EventRounds "9"]
[EventCountry "RUS"]
[SourceTitle "CBM 216 Extra"]
[Source "ChessBase"]
[SourceDate "2023.11.30"]
[SourceVersion "1"]
[SourceVersionDate "2023.11.30"]
[SourceQuality "1"]

1. e4 c5 2. c3 Nf6 3. e5 Nd5 4. d4 cxd4 5. Nf3 Nc6 6. cxd4 d6 7. Bc4 Nb6 8. Bb5 a6 9. Bxc6+ bxc6 10. 0-0 g6 11. Qe2 Bg7 12. Nc3 0-0 13. Ng5 f6 14. exf6 exf6 15. Bf4 Re8 16. Qc2 Bf5 17. Qb3+ Be6 18. Qb4 Bf8 19. Na4 Nd5 20. Qd2 Bg4 21. Bg3 Qd7 22. Nc3 Nb6 23. Qf4 fxg5 1/2-1/2